Skoki narciarskie - liderzy PŚ 2014/2015 - Statystyki

Ogólne statystyki
  • Ten quiz został rozwiązany 66 razy
  • Średni wynik to 6 z 9
Statystyki odpowiedzi
Konkursy Zawodnik % Poprawnych
27-koniec Severin Freund
95%
23-25 Peter Prevc
79%
1 Roman Koudelka
74%
26 Stefan Kraft
72%
15-22 Stefan Kraft
70%
10-14 Michael Hayboeck
60%
2-4 Simon Ammann
60%
6-9 Anders Fannemel
56%
5 Roman Koudelka
54%
Nie znaleziono quizów pasujących do podanych kryteriów
Rozkład punktacji
Procent ludzi z każdym wynikiem
Percentyl według liczby udzielonych odpowiedzi
Twoja historia wyników
Nie rozwiązałeś tego quizu